Statistiques concernant Effectif du LOSC en 2021

Cliquez ici pour prendre le quiz!

Statistiques générales

  • Ce quiz a été pris 182 fois
    (176 depuis la dernière actualisation)
  • Le résultat moyen est 18 sur 24

Statistiques - réponses

Réponse% Correct
José Fonte
96%
Mike Maignan
96%
Jonathan Bamba
94%
Burak Yilmaz
93%
Christophe Galtier
92%
Jonathan Ikone
91%
Benjamin Andre
90%
Renato Sanches
90%
Jonathan David
88%
Zeki Celik
88%
Sven Botman
84%
Reinildo
78%
Xeka
77%
Tiago Djalo
76%
Domagoj Bradaric
75%
Boubakary Soumare
72%
Yusuf Yazici
72%
Timothy Weah
71%
Jérémy Pied
69%
Lucas Chevalier
66%
Luiz Araujo
60%
Orestis Karnezis
56%
Isaac Lihadji
52%
Eugenio Pizzuto
21%

Distribution des résultats

Percentile par nombre de réponses

% des personnes avec chaque résultat

Votre développement - résultats

Vous n’avez pas pris ce quiz depuis la dernière actualisation